00497 2200193 4500001002100000005001500021008004100036020001800077035001900095041000700114082001000121090001600131100002600147245004600173260003800219300002500257500000600282650001500288INLIS00000000000689020241224113354241224||||||||| | ||| |||| || |  a979-1073-29-5 0010-1224006890 aen0 a302.2 a302.2 REK s0 aTedjo N. Reksoatmodjo00aStatistika Untuk Psikologi Dan Pendidikan aBandungbPt. Refika aditamac2009 axii, 234 hlm.; 24 cm a2 0aStatistika